000 011670000a22002410004500
020 _a978-84-301-0662-2
082 0 4 _aG 232.8 M729d
100 1 _aMoltmann, Jürgen
245 1 0 _aEl Dios crucificado : La cruz de Cristo como base y crítica de la teología cristiana / Jürgen Moltmann ; traducido por Severiano Talavero Tovar
250 _a3 ed. Revisada
260 _aSalamanca: Sígueme
300 _a383 p.
440 0 _aCol. Verdad e imagen ; no. 41
500 _aTítulo original en alemán: Der gekreuzigte Gott. Das kreuz christi als grund und kritik christlicher theologie
501 _aPasta dura
505 0 0 _aIdentidad y relevancia de la fe -- La resistencia de la cruz contra sus explicaciones -- Las cuestiones sobre Jesús -- El proceso histórico de Jesús -- El proceso escatológico de Jesucristo -- El Dios crucificado -- Vías para la liberación psíquica del hombre -- Vías para la liberación política del hombre
650 1 4 _aJesucristo - Divinidad \ Fe \ Enseñanza Bíblica
001 18550
942 _cBK
999 _c44969
_d44969
336 _atexto
_btxt
_2rdacontent
337 _2rdamedia
_asin mediación
_bn
338 _2rdacarrier
_avolumen
_bnc